| 000 | 01208nam a2200301 i 4500 | ||
|---|---|---|---|
| 001 | 187192 | ||
| 003 | SpMaBN | ||
| 005 | 20250629063152.0 | ||
| 008 | 170503s1981 ck c |||| |dspa d | ||
| 080 | _a860(87)Bello, Andrés 1.06 | ||
| 080 | _a929 Bello, Andrés | ||
| 100 | 1 |
_aCaro, Miguel Antonio, _d1843-1909 _935400 _eaut |
|
| 245 | 1 | 0 |
_aEscritos sobre don Andrés Bello / _cMiguel Antonio Caro ; edición, introducción y notas de Carlos Valderrama Andrade. |
| 260 |
_aBogotá : _bInstituto Caro y Cuervo, _c1981. |
||
| 300 |
_aLXXVI, 385 páginas : _b1 retrato autor ; _c22 cm. |
||
| 490 | 1 |
_aObras completas de Miguel Antonio Caro ; _v2 |
|
| 490 | 1 |
_aBiblioteca colombiana ; _v20 |
|
| 500 | _aÍndice onomástico | ||
| 600 | 1 | 7 |
_aBello, Andrés- _xCrítica e interpretación. _9149645 |
| 700 | 1 |
_aValderrama Andrade, Carlos. _9160111 _epbl |
|
| 710 | 2 |
_aInstituto Caro y Cuervo. _94806 _eedt |
|
| 830 | 0 |
_aObras completas de Miguel Antonio Caro ; _v2 _9192742 |
|
| 830 | 0 |
_aBiblioteca colombiana ; _v20 _9192743 |
|
| 852 |
_aES-MaACL _hDonat. herederos José Prat _cDEPO2 _jL-31526 |
||
| 942 |
_2udc _cMONOGRAFIA _n0 |
||
| 999 |
_c187192 _d187192 |
||